Australian Slang Words - Statistics

General Stats
  • This quiz has been taken 949 times
  • The average score is 19 of 31
Answer Stats
Slang Word Real Word % Correct
G'Day Good Day
92%
Sunnies Sunglasses
90%
Bloke Male
88%
Sheila Woman
87%
Arvo Afternoon
86%
Uni University
80%
Chook Chicken
79%
Cuppa Coffee
79%
Dunny Toilet
79%
Maccas MacDonalds
78%
Avo Avocado
75%
Booze Alcohol
74%
Snag Sausage
72%
Servo Service Station
71%
Barbie BBQ
69%
Mozzies Mosquitoes
69%
Pav Pavlova
61%
Skippy Kangaroo
58%
Chewy Gum
56%
Tucker Food
55%
Thong Sandal
54%
Ankle Biter Child
51%
Durry Cigarette
46%
Togs Swimsuit
45%
Sanga Sandwich
43%
Vee Dub Volkswagen
35%
Up The Duff Pregnant
26%
Jumbuck Sheep
20%
Woop Woop Far Away
19%
Nipper Young Lifesaver
15%
Azza Aaron
12%
No matching quizzes found
Score Distribution
Percent of People with Each Score
Percentile by Number Answered
Your Score History
You have not taken this quiz